Normal view MARC view

Entry Personal Name

Number of records used in: 1

001 - CONTROL NUMBER

  • control field: 6402

003 - CONTROL NUMBER IDENTIFIER

  • control field: OSt

005 - DATE AND TIME OF LATEST TRANSACTION

  • control field: 20251231104639.0

008 - FIXED-LENGTH DATA ELEMENTS

  • fixed length control field: 251231|| aca||aabn | a|a d

040 ## - CATALOGING SOURCE

  • Original cataloging agency: IMU KOLKATa

100 ## - HEADING--PERSONAL NAME

  • Personal name: Fingleto,Jack
Designed and Maintained by IMU-KC Library, Kolkata Campus © Copyright All Rights Reserved

webs counters

Powered by Koha